SAIJO(西條)グループ店舗一覧 - Statistics

General Stats
  • This quiz has been taken 16 times
  • The average score is 11 of 16
Answer Stats
系列 店舗名 % Correct
西條 名寄店
100%
西條 稚内店
100%
ベストホーム 名寄店
100%
ベストホーム 稚内店
100%
西條 士別店
93%
Qマート 幌延店
79%
西條 枝幸店
71%
Qマート 中川店
71%
Qマート 下川店
64%
Qマート 風連店
57%
Qマート 猿払店
57%
ベストム 東神楽店
43%
Qマート 名寄駅前店
36%
Qマート 西興部店
36%
Qマート 問寒別店
29%
ベストム 中富良野店
29%
No matching quizzes found
Score Distribution
Percent of People with Each Score
Percentile by Number Answered
Your Score History
You have not taken this quiz